• 首页
  • 本馆介绍
  • 公告通知
  • 最新文献
  • 馆藏检索
  • 电子资源
  • 读者导购
  • 参考咨询
  • 我的图书馆
  • 登录
  • 详细信息显示
  • 放入我的书架
  • 预约/预借图书
  • 作者相关作品
  • 分类相关作品
  • 丛书相关作品
  • 出版社相关作品

书目信息

  • 表格格式
  • 工作单格式
  • 卡片格式
题名:
绥远1936
    
 
作者: 杨红林 著
分册:  
出版信息: 太原   山西教育出版社  2015
页数: 14,314
开本: 25cm
丛书名:
单 册:
中图分类: K266.06
科图分类:
主题词: 第三次国内革命战争--内蒙古--史料
电子资源:
ISBN: 978-7-5440-7778-1
000 01609nam0 2200253 450
001 012001002472
005 20140926114740.0
010    @a978-7-5440-7778-1@b精装@dCNY69.90
100    @a20151101d2015 em y0chiy50 ea
101 0  @achi
102    @aCN@b140000
105    @aa z 000yy
106    @ar
200 1  @a绥远1936@9sui yuan 1936@e失踪战地摄影师方大曾的抗战记录@f杨红林著
210    @a太原@c山西教育出版社@d2015
215    @a14,314@c照片@d25cm
314    @a杨红林,笔名南庄,1973年生,历史学硕士,毕业于中国社会科学院研究生院,现供职于中国国家博物馆,主要从事近代史及老照片研究,先后发表《义和团时期西方影像背后的“中国观”》、《方大曾的纪实摄影及其时代内涵》、《九一八事变前后日本间谍在华摄影活动》等学术论文20余篇,出版有《经典影像背后的晚清社会》、《经典影像背后的民国社会》、《半世繁华:民国第一外交家顾维钧》、《1915:中国表情》等著作。
330    @a本书收入最新发现的方大曾遗留人世间的另一批摄影作品:还原绥远抗战、卢沟桥事变等正面战场大致完整的历史拼图。1936年底,绥远战争爆发。方大曾只身北上,深入绥远抗战前线。在持续四十多天的战斗中,他凭借着令人难以置信的勇气与毅力,孤身一人,在茫茫荒原上追捉着战火的脚步,拍摄了大量纪实照片,真实地记录了绥远战争的过程。1937年七七事变爆发后,方大曾第一时间赶赴前线。在华北战场上拍摄采访了三个月后,这位蜚声国内的战地记者突然失踪,从此再无音讯。
517 1  @a失踪战地摄影师方大曾的抗战记录@9shi zong zhan di she ying shi fang da zeng de kang zhan ji lu
606 0  @a第三次国内革命战争@y内蒙古@j史料
690    @aK266.06@v5
701  0 @a杨红林@9yang hong lin@f(1973-)@4著
801  0 @aCN@b上海新华@c20180901
905    @b1160886-90@dK266.06@e61@f5
    
    绥远1936:失踪战地摄影师方大曾的抗战记录/杨红林著.-太原:山西教育出版社,2015
    14,314:照片;25cm
    
    
    ISBN 978-7-5440-7778-1(精装):CNY69.90
    本书收入最新发现的方大曾遗留人世间的另一批摄影作品:还原绥远抗战、卢沟桥事变等正面战场大致完整的历史拼图。1936年底,绥远战争爆发。方大曾只身北上,深入绥远抗战前线。在持续四十多天的战斗中,他凭借着令人难以置信的勇气与毅力,孤身一人,在茫茫荒原上追捉着战火的脚步,拍摄了大量纪实照片,真实地记录了绥远战争的过程。1937年七七事变爆发后,方大曾第一时间赶赴前线。在华北战场上拍摄采访了三个月后,这位蜚声国内的战地记者突然失踪,从此再无音讯。
●
相关链接 在E读中查询图书 在五车中查询图书 在当当中查询图书 在豆瓣中查询图书


正题名:绥远1936     索取号:K266.06/61         预约/预借

序号 登录号 条形码 馆藏地/架位号 状态 备注
1 1160886   211608866   第二样本阅览室/ [索取号:K266.06/61] 在馆    
2 1160887   211608875   第二借阅区/ [索取号:K266.06/61] 在馆    
3 1160888   211608884   第二借阅区/ [索取号:K266.06/61] 在馆    
4 1160889   211608893   第二借阅区/ [索取号:K266.06/61] 在馆    
5 1160890   211608900   密集书库-史法系/ [索取号:K266.06/61] 在馆    
唐山师范学院图书馆 欢迎您!
大连网信软件有限公司© 版权所有